Contribution to Graphical Representation of the Selected Issues of the Labour Market
Správne pochopenie mechanizmov, ktorými sa riadi trh, je kľúčové pre správne fungovanie trhu práce. Jedinečné postavenie má v tomto smere fenomén trhovej štruktúry, ktorý je v teórii nedokonalej konkurencie doteraz najčastejšie popisovaný ako bilaterálny monopol. Účelom tohto príspevku je špecifikov...
Salvato in:
| Autore principale: | |
|---|---|
| Altri autori: | |
| Natura: | Capitolo di libro |
| Lingua: | inglese |
| Soggetti: | |
| Tags: |
Nessun Tag, puoi essere il primo ad aggiungerne!!
|
MARC
| LEADER | 00000naa a2200000 4500 | ||
|---|---|---|---|
| 001 | 0306921 | ||
| 005 | 20250211074544.4 | ||
| 041 | 0 | |a eng | |
| 044 | |a CZ | ||
| 245 | 1 | 0 | |a Contribution to Graphical Representation of the Selected Issues of the Labour Market |c Jiří Kraft, Sylvie Kotíková |
| 520 | |a Správne pochopenie mechanizmov, ktorými sa riadi trh, je kľúčové pre správne fungovanie trhu práce. Jedinečné postavenie má v tomto smere fenomén trhovej štruktúry, ktorý je v teórii nedokonalej konkurencie doteraz najčastejšie popisovaný ako bilaterálny monopol. Účelom tohto príspevku je špecifikovať zložitosť trhových štruktúr z hľadiska dopytu po pracovnej sile a dôsledkov na mzdové sadzby a počet zamestnaných pracovníkov. | ||
| 610 | 2 | 0 | |a trh práce |
| 610 | 2 | 0 | |a monopoly |
| 610 | 2 | 0 | |a konkurencia |
| 610 | 2 | 0 | |a mzdy |
| 610 | 2 | 0 | |a práca |
| 100 | 1 | |a Kraft, Jiří | |
| 700 | 1 | |a Kotíková, Sylvie | |